John Garfield Filmography - Statistics

General Stats
  • This quiz has been taken 4 times
    2 since last reset
  • The average score is 17 of 62
Answer Stats
Type Year Name % Correct
Film 1947 Body and Soul
100%
Film 1938 Four Daughters
100%
Film 1943 Air Force
50%
Film 1944 Between Two Worlds
50%
Film 1939 Blackwell's Island
50%
Film 1940 Castle on the Hudson
50%
Film 1941 Dangerously They Live
50%
Film 1939 Daughters Courageous
50%
Film 1943 Destination Tokyo
50%
Film 1939 Dust Be My Destiny
50%
Film 1940 East of the River
50%
Film 1940 Flowing Gold
50%
Film 1948 Force of Evil
50%
Film 1947 Gentleman's Agreement
50%
Film 1951 He Ran All the Way
50%
Film 1944 Hollywood Canteen
50%
Film 1946 Humoresque
50%
Film 1946 Nobody Lives Forever
50%
Film 1941 Out of the Fog
50%
Film 1945 Pride of the Marines
50%
Film 1940 Saturday's Children
50%
Radio Series 1947 Screen Guild Players
50%
Film 1943 Thank Your Lucky Stars
50%
Film 1950 The Breaking Point
50%
Film 1943 The Fallen Sparrow
50%
Film 1946 The Postman Always Rings Twice
50%
Film 1941 The Sea Wolf
50%
Film 1939 They Made Me a Criminal
50%
Film 1942 Tortilla Flat
50%
Film 1950 Under My Skin
50%
Film 1949 We Were Strangers
50%
Radio Series 1946 Academy Award Theater
0%
Theater 1935, 1936 Awake and Sing!
0%
Short Film 1940 Breakdowns of 1939
0%
Radio Series 1943 Burns & Allen Show
0%
TV Show 1950 Cavalcade of Stars
0%
Theater 1932 Counsellor-at-Law
0%
Film 1947 Daisy Kenyon
0%
Film 1948 Difficult Years
0%
Theater 1934 Gold Eagle Guy
0%
Theater 1937, 1952 Golden Boy
0%
Theater 1937 Having Wonderful Time
0%
Theater 1940 Heavenly Express
0%
TV Show 1949 Jazz Concert
0%
Film 1949 Jigsaw
0%
Theater 1936 Johnny Johnson
0%
Film 1939 Juarez
0%
Theater 1932 Lost Boy
0%
Radio Series 1945, 1948 Lux Radio Theater
0%
Short Documentary 1940 Meet the Stars #1: Chinese Garden Festival
0%
Theater 1934 Peace on Earth
0%
Theater 1951 Peer Gynt
0%
Radio Series 1940 Screen Directors Playhouse
0%
Short Documentary 1947 Screen Snapshots Series 27, No. 3: Out of This World Series
0%
Short Documentary 1946 Screen Snapshots: The Skolsky Party
0%
Short Documentary 1943 Show Business at War
0%
TV Show 1951 Showtime, U.S.A.
0%
Theater 1948 Skipper Next to God
0%
Short Film 1938 Swingtime in the Movies
0%
Theater 1949 The Big Knife
0%
TV Show 1948 The Ed Sullivan Show
0%
TV Documentary 2003 The John Garfield Story
0%
No matching quizzes found
Score Distribution
Percent of People with Each Score
Percentile by Number Answered
Your Score History
You have not taken this quiz since the last reset